[Event "RUS-ch Higher League 77th"]
[Site "Lipetsk"]
[Date "2025.06.26"]
[Round "1"]
[White "Pshmahov, Osman"]
[Black "Demidov, Mikhail"]
[Result "0-1"]
[WhiteElo "2254"]
[BlackElo "2539"]
[PlyCount "80"]
[EventDate "2025.06.26"]
[EventType "swiss"]
[EventRounds "9"]
[EventCountry "RUS"]
[SourceTitle "CB28_2025"]
[SourceDate "2025.07.09"]
[SourceVersion "1"]
[SourceVersionDate "2025.07.09"]
[SourceQuality "1"]

1. d4 d5 2. c4 e6 3. Nc3 Nf6 4. cxd5 exd5 5. Bg5 Be6 6. e3 Nbd7 7. Bd3 c6 8. Nge2 h6 9. Bh4 g5 10. Bg3 Nh5 11. Qc2 Nxg3 12. hxg3 Qe7 13. b4 Bg7 14. Rb1 Nb6 15. a4 a6 16. 0-0 0-0 17. a5 Nc8 18. Na4 Nd6 19. Nc5 Bg4 20. Nc3 Rae8 21. Rfe1 Kh8 22. Rbc1 f5 23. f3 Bh5 24. Qf2 Ne4 25. Bxe4 fxe4 26. f4 gxf4 27. gxf4 Bf6 28. g3 Rg8 29. Kf1 Bf3 30. Qh2 h5 31. Ne2 h4 32. Kf2 Qh7 33. g4 Bxg4 34. Rg1 Qh5 35. Nc3 Bc8 36. Ke1 Rxg1+ 37. Qxg1 Rg8 38. Qh1 h3 39. Rc2 Bh4+ 40. Kf1 Rg3 0-1

[Event "Troya op 29th"]
[Site "Canakkale"]
[Date "2024.08.20"]
[Round "4"]
[White "Petriashvili, Nikoloz"]
[Black "Pshmahov, Osman"]
[Result "1/2-1/2"]
[WhiteElo "2469"]
[BlackElo "2182"]
[PlyCount "104"]
[EventDate "2024.08.18"]
[EventType "swiss"]
[EventRounds "9"]
[EventCountry "TUR"]
[SourceTitle "CBM 221 Extra"]
[Source "ChessBase"]
[SourceDate "2024.09.30"]
[SourceVersion "1"]
[SourceVersionDate "2024.09.30"]
[SourceQuality "1"]

1. Nf3 f5 2. b3 Nf6 3. Bb2 g6 4. Bxf6 exf6 5. c4 d5 6. cxd5 Qxd5 7. e3 Be6 8. Bc4 Qd7 9. Qc2 Nc6 10. Bb5 Bd5 11. 0-0 a6 12. Bxc6 Bxc6 13. Nd4 Bd5 14. Nc3 Bf7 15. Na4 Bd6 16. Nc5 Qc8 17. b4 0-0 18. Rac1 Bd5 19. Rfe1 b6 20. Nd3 Qe8 21. Nf4 Bf7 22. a3 c5 23. bxc5 Bxc5 24. Qc3 Qd7 25. Nf3 Qd6 26. Ra1 Qe7 27. h4 Bd6 28. Qc6 Rab8 29. Nd4 Be5 30. Rac1 Rfd8 31. Qf3 Bxd4 32. exd4 Qd6 33. d5 Rbc8 34. Rxc8 Rxc8 35. h5 Rc4 36. Ne6 Bxe6 37. dxe6 Qxd2 38. Qd1 Qxd1 39. Rxd1 Re4 40. Rd6 gxh5 41. Rxb6 a5 42. f3 Re5 43. f4 Re4 44. Rb5 a4 45. Ra5 Kg7 46. Rxf5 Rxe6 47. Kf2 Re4 48. Kf3 Rc4 49. Rxh5 Rc3+ 50. Kg4 Rxa3 51. Ra5 Kg6 52. f5+ Kh6 1/2-1/2

[Event "Vanadzor op"]
[Site "Vanadzor"]
[Date "2024.08.04"]
[Round "5"]
[White "Davtyan, Arsen"]
[Black "Pshmahov, Osman"]
[Result "0-1"]
[WhiteElo "2402"]
[BlackElo "2182"]
[PlyCount "36"]
[EventDate "2024.08.01"]
[EventType "swiss"]
[EventRounds "9"]
[EventCountry "ARM"]
[SourceTitle "CBM 221 Extra"]
[Source "ChessBase"]
[SourceDate "2024.09.30"]
[SourceVersion "1"]
[SourceVersionDate "2024.09.30"]
[SourceQuality "1"]

1. c4 e6 2. Nf3 f5 3. g3 Nf6 4. Bg2 d5 5. cxd5 exd5 6. 0-0 Bd6 7. Nc3 c6 8. d3 0-0 9. e4 fxe4 10. dxe4 Nxe4 11. Nxe4 dxe4 12. Ng5 Qe7 13. Bxe4 h6 14. Bh7+ Kh8 15. Re1 Bg4 16. f3 Bc5+ 17. Kh1 Rd8 18. Bd2 Qxg5 0-1

[Event "Vanadzor op"]
[Site "Vanadzor"]
[Date "2024.08.04"]
[Round "6"]
[White "Pshmahov, Osman"]
[Black "Alaverdyan, Gevorg"]
[Result "1-0"]
[WhiteElo "2182"]
[BlackElo "2253"]
[PlyCount "107"]
[EventDate "2024.08.01"]
[EventType "swiss"]
[EventRounds "9"]
[EventCountry "ARM"]
[SourceTitle "CBM 221 Extra"]
[Source "ChessBase"]
[SourceDate "2024.09.30"]
[SourceVersion "1"]
[SourceVersionDate "2024.09.30"]
[SourceQuality "1"]

1. d4 Nf6 2. c4 g6 3. Nc3 Bg7 4. e4 d6 5. Be2 e5 6. d5 Na6 7. Be3 Nc5 8. f3 a5 9. Qd2 Nh5 10. g3 Qe7 11. Bd1 f5 12. Bc2 0-0 13. 0-0-0 b6 14. Qg2 f4 15. Bxc5 bxc5 16. g4 Nf6 17. h4 Ba6 18. b3 a4 19. Nxa4 Qd8 20. Nh3 Qb8 21. Qd2 h6 22. Rdg1 Nd7 23. h5 g5 24. Nf2 Qb7 25. Nd3 Rfb8 26. Kd1 c6 27. Nf2 Nf6 28. Nc3 Kh8 29. Ke2 cxd5 30. exd5 e4 31. Nfxe4 Nxe4 32. Nxe4 Bd4 33. Nxd6 Qxd5 34. Qd3 Qe6+ 35. Qe4 Qxe4+ 36. Bxe4 Bxc4+ 37. Nxc4 Rxa2+ 38. Nd2 Bxg1 39. Rxg1 Rxb3 40. Rb1 Rb4 41. Rxb4 cxb4 42. Kd3 Rb2 43. Bd5 Kg7 44. Bc4 Kf6 45. Bb3 Ke7 46. Ke2 Kd7 47. Kd1 Kc6 48. Kc1 Rxb3 49. Nxb3 Kb5 50. Kb2 Kb6 51. Nd4 Kc5 52. Nf5 Kc4 53. Nxh6 Kd3 54. Nf7 1-0

[Event "Vanadzor op"]
[Site "Vanadzor"]
[Date "2024.08.03"]
[Round "4"]
[White "Pshmahov, Osman"]
[Black "Polschikov, Alexey"]
[Result "1/2-1/2"]
[WhiteElo "2182"]
[BlackElo "2358"]
[PlyCount "43"]
[EventDate "2024.08.01"]
[EventType "swiss"]
[EventRounds "9"]
[EventCountry "ARM"]
[SourceTitle "CBM 221 Extra"]
[Source "ChessBase"]
[SourceDate "2024.09.30"]
[SourceVersion "1"]
[SourceVersionDate "2024.09.30"]
[SourceQuality "1"]

1. d4 Nf6 2. c4 c5 3. d5 d6 4. Nd2 g6 5. g3 Bg7 6. Bg2 0-0 7. e4 e6 8. Ne2 exd5 9. cxd5 Re8 10. 0-0 b5 11. Rb1 a5 12. b3 Ba6 13. Bb2 b4 14. Rc1 Nxd5 15. Bxg7 Kxg7 16. e5 Bxe2 17. Qxe2 Nc3 18. Rxc3 bxc3 19. Bxa8 cxd2 20. Qxd2 dxe5 21. Qc3 Qb6 22. Rd1 1/2-1/2

[Event "Dzhubga op"]
[Site "Dzhubga"]
[Date "2023.08.01"]
[Round "1"]
[White "Basiev, Georgiy"]
[Black "Pshmahov, Osman"]
[Result "0-1"]
[WhiteElo "1564"]
[BlackElo "2226"]
[PlyCount "34"]
[EventDate "2023.08.01"]
[EventType "swiss"]
[EventRounds "9"]
[EventCountry "RUS"]
[SourceTitle "CBM 215 Extra"]
[Source "ChessBase"]
[SourceDate "2023.09.30"]
[SourceVersion "1"]
[SourceVersionDate "2023.09.30"]
[SourceQuality "1"]

1. d4 Nf6 2. Nf3 d5 3. c4 c6 4. Nc3 g6 5. Bf4 Bg7 6. e3 0-0 7. Be2 Ne4 8. Nxe4 dxe4 9. Nd2 f5 10. Qc2 c5 11. d5 e5 12. dxe6 Nc6 13. h4 Bxe6 14. a3 Qb6 15. Rb1 Ne5 16. Rg1 Qa5 17. Rd1 Bd7 0-1

[Event "Novorossiysk Small Land op"]
[Site "Novorossiysk"]
[Date "2022.07.29"]
[Round "9"]
[White "Pshmahov, Osman"]
[Black "Vastrukhin, Oleg"]
[Result "1-0"]
[WhiteElo "2095"]
[BlackElo "2367"]
[PlyCount "71"]
[EventDate "2022.07.21"]
[EventType "swiss"]
[EventRounds "9"]
[EventCountry "RUS"]
[SourceTitle "CBM 209 Extra"]
[Source "ChessBase"]
[SourceDate "2022.09.30"]
[SourceVersion "1"]
[SourceVersionDate "2022.09.30"]
[SourceQuality "1"]

1. d4 g6 2. e4 Bg7 3. Nf3 c6 4. Bd3 d5 5. exd5 cxd5 6. h3 Nc6 7. 0-0 Nf6 8. Re1 0-0 9. c3 Bf5 10. Bf4 Bxd3 11. Qxd3 Qb6 12. Nbd2 Rac8 13. a4 e6 14. b4 a5 15. b5 Ne7 16. c4 dxc4 17. Nxc4 Qd8 18. Nd6 Ned5 19. Be5 Rc3 20. Qd2 b6 21. Rec1 Rxf3 22. gxf3 Nh5 23. Rc8 Qh4 24. Rxf8+ Bxf8 25. Ne4 Qxh3 26. Ng3 Nxg3 27. Bxg3 Bh6 28. Qe1 Bf4 29. Ra2 h5 30. Rc2 Kh7 31. Rc8 f6 32. Rd8 Kh6 33. Re8 e5 34. dxe5 fxe5 35. Bxf4+ Nxf4 36. Rh8+ 1-0

[Event "Novorossiysk Small Land op"]
[Site "Novorossiysk"]
[Date "2022.07.24"]
[Round "4"]
[White "Kryakvin, Dmitry"]
[Black "Pshmahov, Osman"]
[Result "1-0"]
[WhiteElo "2523"]
[BlackElo "2095"]
[PlyCount "81"]
[EventDate "2022.07.21"]
[EventType "swiss"]
[EventRounds "9"]
[EventCountry "RUS"]
[SourceTitle "CBM 209 Extra"]
[Source "ChessBase"]
[SourceDate "2022.09.30"]
[SourceVersion "1"]
[SourceVersionDate "2022.09.30"]
[SourceQuality "1"]

1. c4 e6 2. Nc3 f5 3. d4 Nf6 4. Qc2 b6 5. e3 Bb7 6. a3 c5 7. d5 g6 8. Be2 Bg7 9. Bf3 e5 10. e4 f4 11. g3 g5 12. Qe2 d6 13. h4 h6 14. hxg5 hxg5 15. Rxh8+ Bxh8 16. Nh3 Ng8 17. Bg4 Nd7 18. Be6 Ngf6 19. Nxg5 fxg3 20. fxg3 Qe7 21. Nf7 Nf8 22. Nb5 Nxe6 23. dxe6 Kf8 24. Bg5 Qxe6 25. Nxh8 Nxe4 26. Nc7 Qh3 27. Qf3+ Kg7 28. Nxa8 Qxh8 29. Bf6+ Nxf6 30. Qxb7+ Kg6 31. 0-0-0 e4 32. Rxd6 Qh1+ 33. Rd1 Qf3 34. Qc6 Qb3 35. Qe6 Qxg3 36. Nc7 Qf4+ 37. Kb1 Qf3 38. Rg1+ Kh5 39. Qf7+ Kh4 40. Nd5 Ng4 41. Qh7+ 1-0

[Event "Tuapse Blitz op"]
[Site "Tuapse"]
[Date "2022.06.29"]
[Round "12"]
[White "Koshevarov, Alexander"]
[Black "Pshmahov, Osman"]
[Result "0-1"]
[WhiteElo "1996"]
[BlackElo "2095"]
[PlyCount "54"]
[EventDate "2022.06.29"]
[EventType "swiss (blitz)"]
[EventRounds "13"]
[EventCountry "RUS"]
[SourceTitle "CBM 209 Extra"]
[Source "ChessBase"]
[SourceDate "2022.09.30"]
[SourceVersion "1"]
[SourceVersionDate "2022.09.30"]
[SourceQuality "1"]

1. e4 c6 2. d4 d5 3. Nc3 dxe4 4. Nxe4 Nf6 5. Nxf6+ exf6 6. Bc4 Bd6 7. Qh5 0-0 8. Ne2 Be6 9. Bd3 g6 10. Qf3 Nd7 11. Bh6 Re8 12. 0-0-0 Bxa2 13. h4 Bd5 14. Qh3 Be6 15. g4 Qa5 16. Nc3 b5 17. h5 g5 18. Kb1 b4 19. Ne2 b3 20. cxb3 Bxb3 21. Nc3 Rab8 22. Rde1 Ba2+ 23. Kc1 Bf4+ 24. Kc2 Bb3+ 25. Kb1 Be6 26. Kc2 Qb4 27. Rb1 Qb3# 0-1

[Event "Tuapse Rapid op"]
[Site "Tuapse"]
[Date "2022.06.28"]
[Round "11"]
[White "Tekeyev, Zaur"]
[Black "Pshmahov, Osman"]
[Result "1-0"]
[WhiteElo "2396"]
[BlackElo "2095"]
[PlyCount "169"]
[EventDate "2022.06.26"]
[EventType "swiss (rapid)"]
[EventRounds "11"]
[EventCountry "RUS"]
[SourceTitle "CBM 209 Extra"]
[Source "ChessBase"]
[SourceDate "2022.09.30"]
[SourceVersion "1"]
[SourceVersionDate "2022.09.30"]
[SourceQuality "1"]

1. e4 c6 2. d4 d5 3. Nc3 dxe4 4. Nxe4 Nf6 5. Nxf6+ exf6 6. c3 Bd6 7. Bd3 0-0 8. Qc2 Re8+ 9. Ne2 h5 10. 0-0 Qc7 11. g3 h4 12. Nf4 c5 13. Qd1 g6 14. Nd5 Qd8 15. Qf3 f5 16. dxc5 Bxc5 17. Bf4 Bd6 18. Rfe1 Re6 19. Bc4 Nc6 20. Bb3 Rxe1+ 21. Rxe1 Be6 22. Rd1 Bxf4 23. Nxf4 Qf6 24. Nxe6 fxe6 25. Rd7 Na5 26. Qe3 Re8 27. Qh6 Nxb3 28. axb3 hxg3 29. hxg3 e5 30. Qd2 Re7 31. Qd5+ Qf7 32. Rd8+ Kg7 33. Qh1 Kf6 34. Qh4+ Ke6 35. Qc4+ Kf6 36. Qh4+ Ke6 37. Qc4+ Kf6 38. Qc5 Kg7 39. Qd6 b6 40. Qd5 Re6 41. Qd2 Re7 42. Rd6 f4 43. g4 Qxb3 44. Qd3 Qf7 45. Kg2 Re6 46. Rd7 Re7 47. Rd6 Re6 48. Rd7 Re7 49. Rd6 Qe8 50. Qe4 Qf7 51. c4 Re6 52. Rd5 Qc7 53. b4 Re7 54. Kg1 Qc8 55. f3 Qc6 56. Kg2 Qf6 57. c5 bxc5 58. bxc5 Qh4 59. Rd6 Qg3+ 60. Kf1 Qh3+ 61. Ke1 Qg3+ 62. Kf1 Qh3+ 63. Ke1 Qg3+ 64. Ke2 Qg2+ 65. Kd1 Qg1+ 66. Kd2 Qf2+ 67. Kd3 Qf1+ 68. Kd2 Qf2+ 69. Kd3 Qf1+ 70. Kc3 Qc1+ 71. Kb4 Qb2+ 72. Kc4 Qa2+ 73. Kd3 Qb1+ 74. Kc4 Qa2+ 75. Kc3 Qa3+ 76. Kd2 Qb2+ 77. Ke1 Qc1+ 78. Ke2 Qb2+ 79. Kf1 Qa1+ 80. Kg2 Qa2+ 81. Kh3 Qf7 82. Ra6 Qe8 83. c6 Qh8+ 84. Kg2 Qh4 85. Ra2 1-0

[Event "Tuapse Rapid op"]
[Site "Tuapse"]
[Date "2022.06.27"]
[Round "6"]
[White "Saulina, Varvara"]
[Black "Pshmahov, Osman"]
[Result "0-1"]
[WhiteElo "2199"]
[BlackElo "2095"]
[PlyCount "60"]
[EventDate "2022.06.26"]
[EventType "swiss (rapid)"]
[EventRounds "11"]
[EventCountry "RUS"]
[SourceTitle "CBM 209 Extra"]
[Source "ChessBase"]
[SourceDate "2022.09.30"]
[SourceVersion "1"]
[SourceVersionDate "2022.09.30"]
[SourceQuality "1"]

1. e4 c6 2. d4 d5 3. e5 c5 4. dxc5 e6 5. a3 Bxc5 6. b4 Bb6 7. Bb2 Ne7 8. Qg4 Ng6 9. Nf3 Nc6 10. Bd3 Qc7 11. 0-0 Bd7 12. a4 a5 13. b5 Nb4 14. h4 Nxd3 15. cxd3 Qc2 16. Ba3 h5 17. Qg3 Qxa4 18. Nc3 Qg4 19. Qh2 Bd8 20. Bd6 Nxh4 21. Ne1 Nf5 22. Ra4 Qg6 23. d4 Rc8 24. Qh3 Qg4 25. Qd3 h4 26. Kh2 Qf4+ 27. Kg1 Nxd6 28. exd6 Qxd6 29. f4 Rxc3 30. Qxc3 Bxb5 0-1

[Event "Anapa Sea Harbor Cup"]
[Site "Anapa"]
[Date "2022.06.06"]
[Round "5"]
[White "Moiseenko, Vadim"]
[Black "Pshmahov, Osman"]
[Result "1-0"]
[WhiteElo "2545"]
[BlackElo "2112"]
[PlyCount "75"]
[EventDate "2022.06.02"]
[EventType "swiss"]
[EventRounds "9"]
[EventCountry "RUS"]
[SourceTitle "CBM 208 Extra"]
[Source "ChessBase"]
[SourceDate "2022.07.31"]
[SourceVersion "1"]
[SourceVersionDate "2022.07.31"]
[SourceQuality "1"]

1. c4 Nf6 2. Nc3 e5 3. Nf3 Nc6 4. e3 d6 5. d4 Bg4 6. d5 Ne7 7. h3 Bh5 8. e4 Bxf3 9. Qxf3 Ng6 10. g3 Nd7 11. h4 Be7 12. Bh3 0-0 13. Be3 a6 14. Qf5 Nf6 15. Qf3 Re8 16. 0-0 c5 17. a3 b5 18. cxb5 axb5 19. Nxb5 Qa5 20. a4 Reb8 21. h5 Nf8 22. h6 Qb4 23. Bg5 Ng6 24. Bxf6 gxf6 25. b3 Qd2 26. Kg2 Qxh6 27. Rh1 Qg7 28. Bd7 f5 29. Qxf5 Nh4+ 30. Rxh4 Bxh4 31. Bc6 Ra6 32. Nxd6 Be7 33. Nc4 Bf8 34. Qf3 Qg6 35. Rh1 Rxb3 36. Qxb3 Qxe4+ 37. Qf3 Qxc4 38. Bb5 1-0

[Event "Anapa Sea Harbor Cup"]
[Site "Anapa"]
[Date "2022.06.04"]
[Round "3"]
[White "Kryakvin, Dmitry"]
[Black "Pshmahov, Osman"]
[Result "0-1"]
[WhiteElo "2524"]
[BlackElo "2112"]
[PlyCount "106"]
[EventDate "2022.06.02"]
[EventType "swiss"]
[EventRounds "9"]
[EventCountry "RUS"]
[SourceTitle "CBM 208 Extra"]
[Source "ChessBase"]
[SourceDate "2022.07.31"]
[SourceVersion "1"]
[SourceVersionDate "2022.07.31"]
[SourceQuality "1"]

1. d4 Nf6 2. c4 e6 3. Nf3 b6 4. g3 Bb7 5. Bg2 Bb4+ 6. Bd2 a5 7. 0-0 0-0 8. Bg5 Be7 9. Qc2 Be4 10. Qc1 h6 11. Bxf6 Bxf6 12. Nc3 d5 13. Nxe4 dxe4 14. Nd2 Qxd4 15. Nxe4 Ra7 16. Rb1 Rd8 17. Qc2 Qe5 18. Rfd1 c6 19. Qb3 Rb7 20. Nxf6+ Qxf6 21. h4 g6 22. c5 b5 23. Rxd8+ Qxd8 24. Rd1 Rd7 25. Rxd7 Qxd7 26. Qe3 h5 27. Qe5 Qd8 28. f4 Kf8 29. Kf2 Ke7 30. Ke3 f6 31. Qd4 Qxd4+ 32. Kxd4 f5 33. e4 Kf6 34. exf5 exf5 35. b3 Ke6 36. a3 Ke7 37. Kc3 Kd7 38. Bf3 Ke7 39. b4 a4 40. Kd4 Ke6 41. Bg2 Ke7 42. Bf1 Ke6 43. Bd3 Ke7 44. Bf1 Ke6 45. Bg2 Ke7 46. g4 hxg4 47. h5 gxh5 48. Ke5 Na6 49. Bxc6 Nxb4 50. Bxb5 g3 51. Bf1 Nc2 52. c6 Ne3 53. Bb5 g2 0-1

[Event "RUS GP Rapid final"]
[Site "Khanty-Mansiysk"]
[Date "2021.11.26"]
[Round "7"]
[White "Alekseev, Evgeny V"]
[Black "Pshmahov, Osman"]
[Result "1-0"]
[WhiteElo "2616"]
[BlackElo "2322"]
[PlyCount "73"]
[EventDate "2021.11.25"]
[EventType "tourn (rapid)"]
[EventRounds "13"]
[EventCountry "RUS"]
[EventCategory "12"]
[SourceTitle "EXT 2023"]
[Source "ChessBase"]
[SourceDate "2022.10.05"]
[SourceVersion "1"]
[SourceVersionDate "2022.10.05"]
[SourceQuality "1"]

1. e4 d6 2. d4 Nf6 3. Bd3 g6 4. Nf3 Bg7 5. 0-0 0-0 6. Re1 c6 7. Nbd2 Qc7 8. c3 Re8 9. b3 e5 10. Bb2 Nh5 11. Qc2 h6 12. Bf1 c5 13. Rac1 Nc6 14. a3 Qe7 15. dxc5 dxc5 16. Nc4 Bg4 17. Nfd2 Rad8 18. Ne3 Be6 19. g3 Nf6 20. Bg2 h5 21. Rcd1 Rd7 22. b4 Red8 23. b5 Nb8 24. c4 Ne8 25. Nd5 Qf8 26. Nf3 f6 27. Nh4 Kh7 28. f4 exf4 29. gxf4 Bg4 30. Rd2 Nd6 31. h3 Be6 32. e5 Nf5 33. exf6 Bh6 34. Nxg6 Kxg6 35. Rxe6 Qf7 36. Qxf5+ Kxf5 37. Re5+ 1-0

[Event "Sochi Lobanov Memorial Blitz"]
[Site "Sochi"]
[Date "2021.10.09"]
[Round "9"]
[White "Bologan, Viktor"]
[Black "Pshmahov, Osman"]
[Result "0-1"]
[WhiteElo "2574"]
[BlackElo "2150"]
[PlyCount "80"]
[EventDate "2021.10.09"]
[EventType "swiss (blitz)"]
[EventRounds "13"]
[EventCountry "RUS"]
[SourceTitle "CBM 204 Extra"]
[Source "ChessBase"]
[SourceDate "2021.11.30"]
[SourceVersion "1"]
[SourceVersionDate "2021.11.30"]
[SourceQuality "1"]

1. e4 c6 2. d4 d5 3. e5 c5 4. dxc5 Nc6 5. Bf4 e6 6. Nd2 Bxc5 7. Nb3 Bb6 8. Qg4 Kf8 9. Bd3 Nge7 10. Nf3 Ng6 11. Bxg6 hxg6 12. h4 Rh5 13. 0-0-0 a5 14. Kb1 a4 15. Nbd4 a3 16. b3 Qc7 17. Nb5 Qe7 18. Nd6 Qc7 19. Nb5 Qe7 20. Rd3 Qc5 21. Nd6 Nb4 22. Ne1 Nxd3 23. Nxd3 Qc6 24. Qf3 Bd4 25. Be3 f6 26. Bxd4 Ke7 27. exf6+ gxf6 28. Qxf6+ Kxd6 29. Qf4+ Ke7 30. Bc5+ Kd8 31. b4 Bd7 32. Ne5 Qb5 33. Qf8+ Be8 34. Qd6+ Bd7 35. Bb6+ Ke8 36. Nxg6 Kf7 37. Nf4 Rf5 38. Nd3 Ra6 39. Qc5 Rxb6 40. Qxb5 Bxb5 0-1

[Event "Sochi Lobanov Memorial Blitz"]
[Site "Sochi"]
[Date "2021.10.09"]
[Round "11"]
[White "Mikhailovsky, Vladimir"]
[Black "Pshmahov, Osman"]
[Result "1-0"]
[WhiteElo "2184"]
[BlackElo "2150"]
[PlyCount "99"]
[EventDate "2021.10.09"]
[EventType "swiss (blitz)"]
[EventRounds "13"]
[EventCountry "RUS"]
[SourceTitle "CBM 204 Extra"]
[Source "ChessBase"]
[SourceDate "2021.11.30"]
[SourceVersion "1"]
[SourceVersionDate "2021.11.30"]
[SourceQuality "1"]

1. e4 c6 2. c4 d6 3. Nc3 Nf6 4. Be2 g6 5. g4 Bg7 6. g5 Nfd7 7. d3 c5 8. h4 Nc6 9. Be3 a6 10. Qd2 Nde5 11. f3 Nd4 12. Bxd4 cxd4 13. Nd5 Be6 14. Nf4 Bd7 15. Ngh3 b5 16. b3 a5 17. Kf2 h5 18. cxb5 Bxb5 19. Rac1 0-0 20. Nd5 Bd7 21. Rc2 a4 22. b4 Kh7 23. Kg3 Rb8 24. Nf2 e6 25. Nf4 f5 26. a3 Nf7 27. N2h3 Be5 28. Rhc1 fxe4 29. dxe4 Nxg5 30. Nxg5+ Kg7 31. Rc7 Kg8 32. Ngh3 d5 33. R7c5 Bd6 34. Qxd4 g5 35. e5 gxf4+ 36. Nxf4 Bxc5 37. bxc5 Rf5 38. c6 Rc8 39. Bd3 Rf7 40. Nxh5 Kh8 41. Qe3 Qg8+ 42. Kf2 Qf8 43. Nf6 Bxc6 44. Rg1 Rxf6 45. exf6 Qxf6 46. Rg6 Qxh4+ 47. Kg2 Rg8 48. Qe5+ Kh7 49. Rg7+ Kh8 50. Rg4+ 1-0

[Event "Sochi Lobanov Memorial Rapid"]
[Site "Sochi"]
[Date "2021.10.07"]
[Round "5"]
[White "Pshmahov, Osman"]
[Black "Riazantsev, Alexander"]
[Result "1/2-1/2"]
[WhiteElo "2150"]
[BlackElo "2634"]
[PlyCount "156"]
[EventDate "2021.10.07"]
[EventType "swiss (rapid)"]
[EventRounds "9"]
[EventCountry "RUS"]
[SourceTitle "CBM 204 Extra"]
[Source "ChessBase"]
[SourceDate "2021.11.30"]
[SourceVersion "1"]
[SourceVersionDate "2021.11.30"]
[SourceQuality "1"]

1. d4 Nf6 2. c4 e6 3. Nc3 Bb4 4. e3 0-0 5. Bd3 d5 6. cxd5 exd5 7. Nge2 Re8 8. 0-0 Bf8 9. Rb1 a5 10. a3 Na6 11. Ng3 c6 12. Re1 Nc7 13. Bd2 g6 14. Rc1 h5 15. f3 Ne6 16. Na4 Nd7 17. b4 axb4 18. axb4 b5 19. Nc5 Nb6 20. Ra1 Rxa1 21. Qxa1 Nc4 22. Bxc4 bxc4 23. Nf1 h4 24. Nxe6 Bxe6 25. h3 Bf5 26. Qb2 Qb6 27. Ra1 Rb8 28. Be1 Be7 29. Qf2 Qd8 30. Ra4 Kg7 31. e4 dxe4 32. Bc3 exf3 33. Qxf3 Bf6 34. Qf2 Rb5 35. Ne3 Be6 36. Ra5 Kg8 37. Qf4 Bg7 38. Qe4 Bd5 39. Qf4 Be6 40. Qe4 Rg5 41. Kf2 Bd5 42. Qf4 Rh5 43. Ke2 Bh6 44. Qg4 Qe7 45. Bd2 c3 46. Bc1 Kh7 47. Kf2 Bxe3+ 48. Bxe3 Rf5+ 49. Bf4 c2 50. Rc5 Qf6 51. Ke3 Qe6+ 52. Kd2 Qe4 53. Qxh4+ Rh5 54. Qf2 Rf5 55. Qh4+ Kg7 56. Bh6+ Kh7 57. Qxe4 Bxe4 58. Rxf5 gxf5 59. Bf4 Bxg2 60. Kxc2 Bxh3 61. Kd2 Bg2 62. Ke3 Kg6 63. Bd6 Kg5 64. Be7+ Kg4 65. Bd6 Bd5 66. Bc7 Bc4 67. Bd6 Kg5 68. Bc7 Kf6 69. Kf4 Ke6 70. Bb6 Bd3 71. Bc5 Kd5 72. Bb6 Kc4 73. Bc5 Bc2 74. Ke5 Bb1 75. Kf4 f6 76. Be7 Kxd4 77. Bxf6+ Kd5 78. Be7 Be4 1/2-1/2

[Event "Tuapse Amaks Resort op"]
[Site "Tuapse"]
[Date "2021.09.04"]
[Round "6"]
[White "Khripachenko, Alexander"]
[Black "Pshmahov, Osman"]
[Result "1-0"]
[WhiteElo "2210"]
[BlackElo "2195"]
[PlyCount "141"]
[EventDate "2021.08.30"]
[EventType "swiss"]
[EventRounds "9"]
[EventCountry "RUS"]
[SourceTitle "CBM 204 Extra"]
[Source "ChessBase"]
[SourceDate "2021.11.30"]
[SourceVersion "1"]
[SourceVersionDate "2021.11.30"]
[SourceQuality "1"]

1. Nf3 Nf6 2. c4 g6 3. Nc3 Bg7 4. g3 c5 5. Bg2 Nc6 6. 0-0 0-0 7. d4 cxd4 8. Nxd4 Nxd4 9. Qxd4 d6 10. Rd1 Be6 11. Qd3 Nd7 12. b3 Ne5 13. Qc2 Nc6 14. Bb2 Qa5 15. Rac1 Rac8 16. Qb1 Bh6 17. e3 Qh5 18. Nd5 Bh3 19. Qe4 Rfe8 20. Nf4 Bxf4 21. exf4 Bxg2 22. Kxg2 Qa5 23. a3 Qc7 24. h4 Na5 25. Qd3 Qb6 26. Rc3 Nc6 27. Rc2 Na5 28. Rc3 Nc6 29. b4 e5 30. Rcc1 Rcd8 31. b5 Ne7 32. fxe5 dxe5 33. Qe2 Nf5 34. c5 Qc7 35. Rxd8 Qxd8 36. Qe4 Qc8 37. a4 h5 38. Qd5 e4 39. c6 b6 40. Qd7 Qa8 41. Qb7 Qxb7 42. cxb7 Nd6 43. Rc7 Rb8 44. Be5 Nxb7 45. Re7 Kf8 46. Bxb8 Kxe7 47. Bxa7 Na5 48. Bxb6 Nc4 49. Bc7 Kd7 50. Bf4 Ke6 51. Kf1 Kd5 52. Ke2 Kc5 53. Be3+ Kb4 54. b6 Nd6 55. Bf4 Nb7 56. Ke3 Kc5 57. Kxe4 f6 58. Be3+ Kd6 59. Kd4 Kc6 60. Kc4 Nd6+ 61. Kb4 Ne4 62. a5 Kb7 63. f3 Nd6 64. Bc5 Nf7 65. Kb5 g5 66. a6+ Kb8 67. Kc6 Ne5+ 68. Kd5 Nd7 69. Bd6+ Ka8 70. b7+ Ka7 71. b8Q+ 1-0